000 00439nam a2200145Ia 4500
003 OSt
005 20260129104323.0
008 211028s2018 xx 000 0 und d
040 _cAIMIT LIBRARY
041 _aeng
100 _aJoseph, Jestin; Nazareth, Teresa.
_g1616067
_97823
245 _aStudy on the scope of digital marketing at Bin Ahmed foodstuffs Muscat Oman /
260 _aMangalore
_bTeresa Nazareth.
_c2018
942 _2ddc
_cPRO
999 _c219391
_d219391